[Event "Madrid-ch 2020-2021 - Semifinal"]
[Site "Madrid ESP"]
[Date "2021.05.09"]
[Round "5.7"]
[White "Cabañas Bravo, Juan Andres"]
[Black "Bustos Bernardo, Samuel"]
[Result "1-0"]
[WhiteElo "1948"]
[BlackElo "2213"]
[PlyCount "153"]
[EventDate "2021.05.05"]
[EventType "swiss"]
[EventRounds "9"]
[EventCountry "ESP"]
[SourceTitle "Ajedrez en Madrid"]
[Source "lmi"]
[SourceDate "2021.05.06"]
[SourceVersion "1"]
[SourceVersionDate "2021.05.15"]
[SourceQuality "1"]

1. e4 e6 2. d4 d5 3. Nc3 Nf6 4. Bg5 dxe4 5. Nxe4 Be7 6. Bxf6 gxf6 7. Nf3 f5 8.
Ng3 a6 9. Bd3 c5 10. dxc5 Bxc5 11. Qe2 Qe7 12. O-O-O Nc6 13. Rhe1 O-O 14. h4
Qf6 15. Kb1 Qh6 16. c3 Be7 17. Rh1 Bf6 18. Ng5 Ne5 19. Nh5 Nxd3 20. Nxf6+ Qxf6
21. Rxd3 b5 22. Rg3 Kh8 23. Qh5 Qg6 24. Qxg6 fxg6 25. h5 f4 26. Rd3 e5 27. Rd6
Bf5+ 28. Kc1 gxh5 29. Rxh5 e4 30. Nxh7 Bxh7 31. Rd7 Kg8 32. Rhxh7 Rf6 33. Rhe7
e3 34. fxe3 fxe3 35. Rxe3 Rg6 36. g3 Rf8 37. Kc2 Rf2+ 38. Kb3 Kf8 39. Rd4 Rg2
40. Rf4+ Kg7 41. Re7+ Kh6 42. g4 Kg5 43. Ree4 Rd6 44. Rf5+ Kg6 45. Ka3 Kh6 46.
Rfe5 Kg7 47. Re6 b4+ 48. cxb4 Rd3+ 49. Ka4 Rxb2 50. Re2 Rb1 51. Rxa6 Rd4 52.
Re7+ Kf8 53. Rb7 Rd8 54. Ra5 Rbd1 55. g5 R1d3 56. Ra6 R3d5 57. g6 Rg5 58. Rf7+
Kg8 59. Rc7 Re8 60. a3 Rg3 61. Kb5 Rg5+ 62. Rc5 Rb8+ 63. Rb6 Rxb6+ 64. Kxb6
Rxg6+ 65. Kb7 Rg4 66. Rb5 Kf7 67. a4 Ke6 68. a5 Rg7+ 69. Kb6 Kd7 70. Rc5 Rg6+
71. Kb7 Rg4 72. b5 Kd6 73. Rc6+ Kd5 74. a6 Rb4 75. b6 Rb5 76. a7 Ra5 77. Rc8
1-0

[Event "Madrid-ch 2020-2021 - Semifinal"]
[Site "Madrid ESP"]
[Date "2021.05.09"]
[Round "5.8"]
[White "Garcia Fernandez, Jesus"]
[Black "Perez Gonzalez, Daniel"]
[Result "1-0"]
[WhiteElo "1803"]
[BlackElo "2056"]
[PlyCount "145"]
[EventDate "2021.05.05"]
[EventType "swiss"]
[EventRounds "9"]
[EventCountry "ESP"]
[SourceTitle "Ajedrez en Madrid"]
[Source "lmi"]
[SourceDate "2021.05.06"]
[SourceVersion "1"]
[SourceVersionDate "2021.05.15"]
[SourceQuality "1"]

1. d4 Nf6 2. Bf4 g6 3. e3 Bg7 4. Nf3 O-O 5. Be2 d6 6. h3 Nfd7 7. Bh2 e5 8. O-O
Nc6 9. c4 exd4 10. exd4 Re8 11. Nc3 Nf6 12. Re1 Ne4 13. Bf1 Bf5 14. Nd5 Ne7 15.
Ne3 Bd7 16. Rb1 a5 17. Bd3 Nf6 18. b3 Nc6 19. a3 Ne4 20. Nd5 Nf6 21. Rxe8+ Nxe8
22. Bc2 Nf6 23. Nc3 Qe7 24. Nb5 Ne8 25. Qd2 Nd8 26. Re1 Qf8 27. a4 Ne6 28. g4
Nd8 29. Qe3 Nc6 30. Bb1 Nb4 31. Bg3 Bh6 32. g5 Bg7 33. Kg2 Rc8 34. Bf4 Bh8 35.
Nh2 f5 36. Nf3 Ng7 37. Qe7 Qf7 38. d5 Bxb5 39. Qxf7+ Kxf7 40. axb5 Nh5 41. Bd2
Bg7 42. Re6 Re8 43. Rxe8 Kxe8 44. Be3 b6 45. h4 Kd7 46. Kf1 Be5 47. Bd4 Bxd4
48. Nxd4 Nf4 49. Nxf5 gxf5 50. Bxf5+ Ke7 51. Bxh7 Kf7 52. Bf5 Kg7 53. f3 Nfd3
54. h5 Ne5 55. h6+ Kh8 56. g6 Nxg6 57. Bxg6 Na2 58. Bc2 Nc3 59. Kf2 a4 60. bxa4
Na2 61. Ke3 Nb4 62. Bb1 Kg8 63. h7+ Kg7 64. Kf4 Kh8 65. Kg5 Kg7 66. f4 c5 67.
Kf5 Kh8 68. Ke6 Kg7 69. Ke7 Kh8 70. f5 Kxh7 71. f6+ Kh8 72. f7 Nxd5+ 73. cxd5
1-0

[Event "Madrid-ch 2020-2021 - Semifinal"]
[Site "Madrid ESP"]
[Date "2021.05.09"]
[Round "5.9"]
[White "Neagu, Roberto Florin"]
[Black "Fernandez Rosado, Roberto"]
[Result "1/2-1/2"]
[WhiteElo "1881"]
[BlackElo "2029"]
[PlyCount "77"]
[EventDate "2021.05.05"]
[EventType "swiss"]
[EventRounds "9"]
[EventCountry "ESP"]
[SourceTitle "Ajedrez en Madrid"]
[Source "lmi"]
[SourceDate "2021.05.06"]
[SourceVersion "1"]
[SourceVersionDate "2021.05.15"]
[SourceQuality "1"]

1. c4 c5 2. Nc3 Nc6 3. g3 g6 4. Bg2 Bg7 5. a3 a5 6. e3 d6 7. Nge2 e5 8. O-O
Nge7 9. Nb5 Be6 10. Qa4 O-O 11. Rd1 Nc8 12. d3 Nb6 13. Qc2 Rc8 14. Rb1 f5 15.
b3 Bf7 16. d4 Qe7 17. dxc5 dxc5 18. Nec3 e4 19. Bb2 Ne5 20. Nd6 Rcd8 21. Ncb5
Nc8 22. Nxc8 Rxc8 23. Bc3 Nc6 24. Bxg7 Kxg7 25. Qc3+ Kg8 26. Rd6 Rcd8 27. Rbd1
Be6 28. f4 exf3 29. Bxf3 Bf7 30. Qd2 Rde8 31. Bxc6 bxc6 32. Rxc6 a4 33. bxa4
Qg5 34. Nd6 Rxe3 35. Nxf7 Rxf7 36. Qd8+ Qxd8 37. Rxd8+ Kg7 38. Rxc5 Rxa3 39. a5
1/2-1/2

[Event "Madrid-ch 2020-2021 - Semifinal"]
[Site "Madrid ESP"]
[Date "2021.05.09"]
[Round "5.10"]
[White "Rodriguez Avila, Alvaro"]
[Black "Rodriguez Melendez, Juan Humbert"]
[Result "0-1"]
[WhiteElo "1966"]
[BlackElo "2174"]
[PlyCount "110"]
[EventDate "2021.05.05"]
[EventType "swiss"]
[EventRounds "9"]
[EventCountry "ESP"]
[SourceTitle "Ajedrez en Madrid"]
[Source "lmi"]
[SourceDate "2021.05.06"]
[SourceVersion "1"]
[SourceVersionDate "2021.05.15"]
[SourceQuality "1"]

1. e4 c5 2. Nf3 e6 3. d3 Nc6 4. g3 Nf6 5. Bg2 Be7 6. Nbd2 d5 7. O-O O-O 8. Re1
dxe4 9. dxe4 e5 10. c3 Qc7 11. Qc2 Be6 12. Ng5 Bd7 13. Nc4 h6 14. Nf3 Be6 15.
Ne3 Rfd8 16. Nf5 Bf8 17. Be3 Rd7 18. Rad1 Rad8 19. Rxd7 Qxd7 20. Bf1 Kh7 21.
Bc1 c4 22. Ne3 b5 23. Rd1 Qc8 24. Rd5 Kg8 25. Rxb5 a6 26. Rxe5 Nxe5 27. Nxe5
Qb7 28. Bg2 Qb5 29. Nf3 Bc5 30. h3 Bb6 31. e5 Nd7 32. Nd4 Bxd4 33. cxd4 Nb6 34.
f4 Rxd4 35. f5 Bd7 36. Ng4 h5 37. Nh2 Bc6 38. Be3 Rd3 39. Nf1 Nd5 40. Bf2 Nb4
41. Qe2 Bxg2 42. Kxg2 Qd5+ 43. Kg1 Qf3 44. Qxf3 Rxf3 45. g4 hxg4 46. hxg4 Nd3
47. Bg3 Nxb2 48. e6 fxe6 49. fxe6 c3 50. Be5 Na4 51. e7 Kf7 52. Bxg7 c2 53. Bh6
Nc3 54. Kg2 Rf6 55. g5 Rxh6 0-1

[Event "Madrid-ch 2020-2021 - Semifinal"]
[Site "Madrid ESP"]
[Date "2021.05.09"]
[Round "5.11"]
[White "Huerto Moreno, Jorge"]
[Black "Diaz-Roncero Gonzalez, Daniel"]
[Result "1-0"]
[WhiteElo "1837"]
[BlackElo "1658"]
[PlyCount "107"]
[EventDate "2021.05.05"]
[EventType "swiss"]
[EventRounds "9"]
[EventCountry "ESP"]
[SourceTitle "Ajedrez en Madrid"]
[Source "lmi"]
[SourceDate "2021.05.06"]
[SourceVersion "1"]
[SourceVersionDate "2021.05.15"]
[SourceQuality "1"]

1. e4 c5 2. f4 Nc6 3. Bb5 g6 4. Bxc6 bxc6 5. Nf3 Bg7 6. Nc3 Nf6 7. d3 d6 8. O-O
O-O 9. Qe1 Bg4 10. h3 Bxf3 11. Rxf3 Rb8 12. Rb1 Nd7 13. Bd2 e6 14. b3 Qe7 15.
Qe2 Rfe8 16. Re1 Kf8 17. Qf1 Qf6 18. e5 Qe7 19. exd6 Qxd6 20. Ne4 Qe7 21. Be3
c4 22. dxc4 f5 23. Ng5 h6 24. Bxa7 hxg5 25. Bxb8 Rxb8 26. fxg5 Qxg5 27. Qd3 Qe7
28. Rff1 Ne5 29. Qg3 Qc5+ 30. Kh1 Rd8 31. Rd1 Bf6 32. Rxd8+ Bxd8 33. a4 Bc7 34.
Qg5 Kg7 35. Rd1 Nf7 36. Qd2 Ne5 37. Qd4 Qe7 38. Re1 Qf6 39. a5 Nxc4 40. Qxc4
Bxa5 41. b4 Bd8 42. Qxe6 Qh4 43. Qd7+ Kh6 44. Re8 Bf6 45. Qd2+ Kh7 46. Re6 Bg5
47. Qd7+ Kh6 48. Qe8 Bf6 49. Qxc6 f4 50. b5 Qf2 51. Qf3 Qd4 52. Re4 Qa1+ 53.
Kh2 Bd4 54. Qxf4+ 1-0

[Event "Madrid-ch 2020-2021 - Semifinal"]
[Site "Madrid ESP"]
[Date "2021.05.09"]
[Round "5.12"]
[White "Tapia Sanchez, Jose Manuel"]
[Black "Del Castillo Izquierdo, Jose"]
[Result "1/2-1/2"]
[WhiteElo "1750"]
[BlackElo "1728"]
[PlyCount "105"]
[EventDate "2021.05.05"]
[EventType "swiss"]
[EventRounds "9"]
[EventCountry "ESP"]
[SourceTitle "Ajedrez en Madrid"]
[Source "lmi"]
[SourceDate "2021.05.06"]
[SourceVersion "1"]
[SourceVersionDate "2021.05.15"]
[SourceQuality "1"]

1. f4 d5 2. Nf3 c5 3. e3 Nc6 4. b3 Nf6 5. Bb2 d4 6. exd4 Nxd4 7. Nxd4 cxd4 8.
Be2 Qb6 9. Na3 Bf5 10. Nc4 Qc5 11. Ba3 Qc6 12. O-O g6 13. Ne5 Qb6 14. Kh1 Bg7
15. Bf3 h5 16. Re1 Be6 17. Nc4 Qc7 18. Ne5 Rh6 19. Qe2 Kf8 20. Rac1 Re8 21. c3
dxc3 22. dxc3 Ng4 23. Nd3 g5 24. h3 gxf4 25. hxg4 hxg4+ 26. Kg1 gxf3 27. Qxf3
Qa5 28. Bb4 Qxa2 29. Nxf4 Bxb3 30. Qxb7 Be6 31. Ra1 Qd2 32. Nxe6+ fxe6 33. Rad1
Qg5 34. Qxa7 Kg8 35. Rd3 Bf6 36. Qd7 Rf8 37. Qxe6+ Kh7 38. Qe4+ Rg6 39. Rh3+
Kg8 40. Re2 Qc1+ 41. Kh2 Qg5 42. Qxg6+ Qxg6 43. Rg3 Qxg3+ 44. Kxg3 Kf7 45. Kf4
Rd8 46. g4 Rd3 47. g5 Bxc3 48. Rxe7+ Kg8 49. Rb7 Rd4+ 50. Kf5 Bxb4 51. g6 Bf8
52. Rb8 Rd6 53. Kg5 1/2-1/2

[Event "Madrid-ch 2020-2021 - Semifinal"]
[Site "Madrid ESP"]
[Date "2021.05.10"]
[Round "6.1"]
[White "Rey Martinez, Jaime"]
[Black "Martinez-Conde Hernandez, Carlos"]
[Result "1/2-1/2"]
[WhiteElo "1992"]
[BlackElo "2104"]
[PlyCount "109"]
[EventDate "2021.05.05"]
[EventType "swiss"]
[EventRounds "9"]
[EventCountry "ESP"]
[SourceTitle "Ajedrez en Madrid"]
[Source "lmi"]
[SourceDate "2021.05.06"]
[SourceVersion "1"]
[SourceVersionDate "2021.05.15"]
[SourceQuality "1"]

1. e4 c5 2. Nf3 e6 3. g3 Nc6 4. Bg2 Qc7 5. O-O Nf6 6. Nc3 a6 7. a4 h5 8. Re1
Be7 9. d3 d6 10. Bg5 Bd7 11. d4 cxd4 12. Nxd4 Qb6 13. Nb3 Ng4 14. Be3 Nxe3 15.
Rxe3 Ne5 16. a5 Qa7 17. Na4 Ng4 18. Rf3 Bxa4 19. Rxa4 Rc8 20. Nd2 Ne5 21. Rb3
h4 22. Rab4 hxg3 23. hxg3 Rc7 24. Bf1 d5 25. Ra4 Bc5 26. exd5 Bxf2+ 27. Kg2 Bg1
28. Rb6 Bxb6 29. axb6 Qxb6 30. Re4 Qxb2 31. Nc4 Nxc4 32. Bxc4 Rxc4 33. Rxc4 O-O
34. d6 Qb5 35. Rc7 Qe5 36. Rxb7 Qe4+ 37. Qf3 Qxc2+ 38. Kf1 Qc1+ 39. Ke2 Qc4+
40. Qd3 Qc6 41. Rc7 Qg2+ 42. Kd1 Qg1+ 43. Kc2 Qf2+ 44. Kd1 Qb6 45. Re7 Qg1+ 46.
Ke2 Qg2+ 47. Kd1 Rd8 48. Rc7 Qg1+ 49. Ke2 Qb6 50. Qf3 Rf8 51. Qc6 Qb2+ 52. Kf3
Qb3+ 53. Kg2 Qd3 54. Rc8 Qe2+ 55. Kg1 1/2-1/2

[Event "Madrid-ch 2020-2021 - Semifinal"]
[Site "Madrid ESP"]
[Date "2021.05.10"]
[Round "6.2"]
[White "Rottenwohrer Suarez, Juan"]
[Black "Mkrtchyan, Levon"]
[Result "1-0"]
[WhiteElo "2196"]
[BlackElo "2230"]
[PlyCount "153"]
[EventDate "2021.05.05"]
[EventType "swiss"]
[EventRounds "9"]
[EventCountry "ESP"]
[SourceTitle "Ajedrez en Madrid"]
[Source "lmi"]
[SourceDate "2021.05.06"]
[SourceVersion "1"]
[SourceVersionDate "2021.05.15"]
[SourceQuality "1"]

1. Nf3 Nf6 2. g3 c5 3. Bg2 d5 4. O-O e6 5. c4 d4 6. e3 Nc6 7. exd4 cxd4 8. d3
h6 9. Na3 Bd6 10. Nc2 e5 11. b4 O-O 12. Re1 Re8 13. b5 Nb8 14. a4 Nbd7 15. Ba3
Qc7 16. a5 Bxa3 17. Rxa3 Nc5 18. a6 Rb8 19. axb7 Rxb7 20. Nb4 Bf5 21. Nxe5 Rxe5
22. Rxe5 Qxe5 23. Bxb7 Nxb7 24. Nc6 Qe6 25. Rxa7 Bg4 26. Qd2 Nc5 27. Re7 Qd6
28. Qf4 Qxf4 29. gxf4 Nxd3 30. Nxd4 Nd7 31. f5 N3c5 32. Re8+ Kh7 33. f3 Bh3 34.
Rc8 g6 35. Rc7 gxf5 36. b6 f4 37. Nb3 Na6 38. Ra7 Nxb6 39. Rxa6 Nxc4 40. Rf6
Ne5 41. Rxf4 Kg6 42. Nd2 Be6 43. Ra4 Bd5 44. Kf2 f6 45. Kg3 Bc6 46. Ra6 Bd5 47.
Rd6 Bb7 48. f4 Nf7 49. Rb6 Bd5 50. Nf1 Be4 51. Ne3 h5 52. Re6 Bf5 53. Rb6 Be4
54. Nc4 Bd5 55. Ne5+ Kf5 56. Nxf7 Bxf7 57. Rb5+ Ke4 58. Rb4+ Kf5 59. Kf3 Bd5+
60. Ke3 Kg4 61. Rb6 f5 62. Rg6+ Kh4 63. Rg3 Bb3 64. Kd4 Bd1 65. Ke5 Bg4 66. Kf6
Bh3 67. Kg6 Bg4 68. Kh6 Be2 69. Kg7 Bd1 70. Kf6 Bc2 71. Kg6 Be4 72. Rg5 Kh3 73.
Kxh5 Kxh2 74. Kg6 Kh3 75. Kf6 Kh4 76. Ke5 Bc2 77. Rxf5 1-0

[Event "Madrid-ch 2020-2021 - Semifinal"]
[Site "Madrid ESP"]
[Date "2021.05.10"]
[Round "6.4"]
[White "Pindado Campos, Raul"]
[Black "Rojas Pozo, Jose Luis"]
[Result "1/2-1/2"]
[WhiteElo "2152"]
[BlackElo "1875"]
[PlyCount "76"]
[EventDate "2021.05.05"]
[EventType "swiss"]
[EventRounds "9"]
[EventCountry "ESP"]
[SourceTitle "Ajedrez en Madrid"]
[Source "lmi"]
[SourceDate "2021.05.06"]
[SourceVersion "1"]
[SourceVersionDate "2021.05.15"]
[SourceQuality "1"]

1. d4 Nf6 2. Nf3 e6 3. g3 d5 4. c4 dxc4 5. Qa4+ Bd7 6. Qxc4 Bc6 7. Bg2 Bd5 8.
Qa4+ Qd7 9. Qxd7+ Nbxd7 10. O-O Ne4 11. Nc3 Nxc3 12. bxc3 Bd6 13. Re1 Be4 14.
Bf1 O-O 15. Nd2 Bg6 16. Bg2 Rab8 17. Nc4 Nb6 18. Nxd6 cxd6 19. Bf4 Nc4 20. e4
e5 21. Bc1 Rfc8 22. a4 Rc6 23. Bf1 Rbc8 24. Rb1 Rb6 25. Rxb6 Nxb6 26. dxe5 dxe5
27. a5 Nc4 28. f4 f6 29. Bh3 Rd8 30. Bf1 Bf7 31. Bxc4 Bxc4 32. fxe5 fxe5 33.
Be3 a6 34. Bc5 Rd2 35. Bb4 Kf7 36. Re3 Rd3 37. Kf2 Rxe3 38. Kxe3 Ke6 1/2-1/2

[Event "Madrid-ch 2020-2021 - Semifinal"]
[Site "Madrid ESP"]
[Date "2021.05.10"]
[Round "6.5"]
[White "Martinez Fernandez, Raul"]
[Black "Hernandez Ramos, David"]
[Result "1-0"]
[WhiteElo "2141"]
[BlackElo "2101"]
[PlyCount "51"]
[EventDate "2021.05.05"]
[EventType "swiss"]
[EventRounds "9"]
[EventCountry "ESP"]
[SourceTitle "Ajedrez en Madrid"]
[Source "lmi"]
[SourceDate "2021.05.06"]
[SourceVersion "1"]
[SourceVersionDate "2021.05.15"]
[SourceQuality "1"]

1. e4 e6 2. d4 d5 3. Nc3 Nf6 4. e5 Nfd7 5. f4 c5 6. Nf3 Nc6 7. Be3 Qb6 8. Na4
Qc7 9. Nxc5 Nxd4 10. Nxd4 Nxc5 11. c4 dxc4 12. Bxc4 Qa5+ 13. Kf2 Bd7 14. Qf3
Qb4 15. Rhc1 Be7 16. Rab1 a5 17. a3 Qa4 18. Be2 Rc8 19. Bd1 Nd3+ 20. Kg1 Rxc1
21. Rxc1 Qxd4 22. Bxd4 Nxc1 23. Qe3 O-O 24. Qxc1 Rc8 25. Qd2 Rd8 26. Bb6 1-0

[Event "Madrid-ch 2020-2021 - Semifinal"]
[Site "Madrid ESP"]
[Date "2021.05.10"]
[Round "6.6"]
[White "Bravo De La Vega, Alvaro"]
[Black "Cabañas Bravo, Juan Andres"]
[Result "1-0"]
[WhiteElo "1936"]
[BlackElo "1948"]
[PlyCount "43"]
[EventDate "2021.05.05"]
[EventType "swiss"]
[EventRounds "9"]
[EventCountry "ESP"]
[SourceTitle "Ajedrez en Madrid"]
[Source "lmi"]
[SourceDate "2021.05.06"]
[SourceVersion "1"]
[SourceVersionDate "2021.05.15"]
[SourceQuality "1"]

1. e4 e5 2. Nc3 Nc6 3. Bc4 Bc5 4. Qg4 Qf6 5. Nd5 Qxf2+ 6. Kd1 Kf8 7. Nh3 h5 8.
Qg5 Qd4 9. d3 Be7 10. Qg3 Nf6 11. Nxf6 Bxf6 12. Rb1 Na5 13. Be3 Qd6 14. b4 Qe7
15. bxa5 d5 16. Qf2 Bg4+ 17. Kc1 d4 18. Bd2 c5 19. Rf1 Ke8 20. a6 b6 21. Ng5
Bxg5 22. Qxf7+ 1-0

[Event "Madrid-ch 2020-2021 - Semifinal"]
[Site "Madrid ESP"]
[Date "2021.05.10"]
[Round "6.7"]
[White "Centeno Mendoza, Julio Stefano"]
[Black "De La Puerta Cresis, Javier"]
[Result "0-1"]
[WhiteElo "2012"]
[BlackElo "2169"]
[PlyCount "74"]
[EventDate "2021.05.05"]
[EventType "swiss"]
[EventRounds "9"]
[EventCountry "ESP"]
[SourceTitle "Ajedrez en Madrid"]
[Source "lmi"]
[SourceDate "2021.05.06"]
[SourceVersion "1"]
[SourceVersionDate "2021.05.15"]
[SourceQuality "1"]

1. e4 c5 2. d4 cxd4 3. c3 dxc3 4. Nxc3 Nc6 5. Nf3 e6 6. Bc4 a6 7. O-O b5 8. Bb3
Bb7 9. a4 b4 10. Nd5 Na5 11. Bg5 Be7 12. Nxe7 Nxe7 13. Bc2 d5 14. exd5 Bxd5 15.
Re1 h6 16. Bd2 b3 17. Bd3 O-O 18. Bc3 Nb7 19. Qe2 Nc5 20. Bc4 Rc8 21. Ne5 Bxc4
22. Qxc4 Nd5 23. Bd4 Nb6 24. Qb4 Nd5 25. Qa3 Nf4 26. Bxc5 Qd5 27. f3 Rxc5 28.
Rad1 Ne2+ 29. Kf1 Qxe5 30. Rxe2 Qc7 31. h3 Rb8 32. Rd3 Qb6 33. Ree3 Rc1+ 34.
Ke2 Qc7 35. Rc3 Rc2+ 36. Kf1 Rxc3 37. Rxc3 Qxc3 0-1

[Event "Madrid-ch 2020-2021 - Semifinal"]
[Site "Madrid ESP"]
[Date "2021.05.10"]
[Round "6.8"]
[White "Quevedo Marin, Manuel"]
[Black "Garcia Fernandez, Jesus"]
[Result "1/2-1/2"]
[WhiteElo "2201"]
[BlackElo "1803"]
[PlyCount "146"]
[EventDate "2021.05.05"]
[EventType "swiss"]
[EventRounds "9"]
[EventCountry "ESP"]
[SourceTitle "Ajedrez en Madrid"]
[Source "lmi"]
[SourceDate "2021.05.06"]
[SourceVersion "1"]
[SourceVersionDate "2021.05.15"]
[SourceQuality "1"]

1. d4 d5 2. c4 c6 3. Nf3 Nf6 4. Nc3 dxc4 5. a4 Bf5 6. Ne5 e6 7. Nxc4 Nbd7 8. g3
Bb4 9. Bg2 O-O 10. O-O a5 11. Re1 Bg6 12. Bf4 Nb6 13. Ne5 Qe7 14. Qb3 Rfd8 15.
Rad1 Nfd7 16. Nxg6 hxg6 17. e4 e5 18. Be3 exd4 19. Bxd4 Bc5 20. e5 Nf8 21. Bxc5
Qxc5 22. Bh3 Qb4 23. Qc2 Rxd1 24. Rxd1 Re8 25. Re1 Nc4 26. e6 fxe6 27. Re2 Nd6
28. Qd3 Nf5 29. Rd2 Rb8 30. Re2 Re8 31. Rd2 Rb8 32. Bg2 Re8 33. Be4 Re7 34. Qd8
Rf7 35. Kg2 Qe7 36. Qxa5 Qg5 37. Qd8 Qxd8 38. Rxd8 Rd7 39. Rb8 Kf7 40. a5 Nd6
41. a6 bxa6 42. Bxc6 Rc7 43. Bf3 Nd7 44. Ra8 Nc5 45. Rb8 Nc4 46. Ne4 Nxe4 47.
Bxe4 Ra7 48. Bd3 Ne5 49. Be2 a5 50. f4 Nd7 51. Rb3 Ke7 52. Re3 Kf6 53. Bg4 Nf8
54. Bd1 Nd7 55. Ba4 Ke7 56. Bc2 Kf6 57. g4 Kf7 58. Bb3 Nf8 59. Kg3 Kf6 60. h4
Ra8 61. Ba4 Ra7 62. Re5 Rb7 63. b3 Ra7 64. Kf3 Nd7 65. Bxd7 Rxd7 66. Ke4 Rb7
67. Rxa5 Rxb3 68. h5 Rb4+ 69. Kf3 gxh5 70. Rxh5 Rb3+ 71. Kg2 Rb4 72. Kg3 Rb3+
73. Kg2 Rb4 1/2-1/2

[Event "Madrid-ch 2020-2021 - Semifinal"]
[Site "Madrid ESP"]
[Date "2021.05.10"]
[Round "6.9"]
[White "Rodriguez Melendez, Juan Humbert"]
[Black "Neagu, Roberto Florin"]
[Result "0-1"]
[WhiteElo "2174"]
[BlackElo "1881"]
[PlyCount "66"]
[EventDate "2021.05.05"]
[EventType "swiss"]
[EventRounds "9"]
[EventCountry "ESP"]
[SourceTitle "Ajedrez en Madrid"]
[Source "lmi"]
[SourceDate "2021.05.06"]
[SourceVersion "1"]
[SourceVersionDate "2021.05.15"]
[SourceQuality "1"]

1. Nf3 d5 2. b3 Nf6 3. Bb2 e6 4. c4 Be7 5. g3 c5 6. cxd5 exd5 7. Bg2 O-O 8. O-O
d4 9. Na3 Nc6 10. Nc4 Re8 11. e3 Rb8 12. Nfe5 Nxe5 13. Nxe5 h5 14. Qc2 Ng4 15.
Nd3 Bf5 16. e4 Bd7 17. h3 Nh6 18. Rac1 Rc8 19. Rfe1 b5 20. Nf4 Bd6 21. Nd5 h4
22. g4 Be6 23. Qd3 Qg5 24. f4 Bxf4 25. Nxf4 Qxf4 26. b4 Bc4 27. Qa3 Qxd2 28.
bxc5 b4 29. Qxa7 Ra8 30. Qd7 Qxb2 31. e5 Red8 32. Qb7 Rxa2 33. e6 fxe6 0-1

[Event "Madrid-ch 2020-2021 - Semifinal"]
[Site "Madrid ESP"]
[Date "2021.05.10"]
[Round "6.10"]
[White "Fernandez Rosado, Roberto"]
[Black "Huerto Moreno, Jorge"]
[Result "0-1"]
[WhiteElo "2029"]
[BlackElo "1837"]
[PlyCount "96"]
[EventDate "2021.05.05"]
[EventType "swiss"]
[EventRounds "9"]
[EventCountry "ESP"]
[SourceTitle "Ajedrez en Madrid"]
[Source "lmi"]
[SourceDate "2021.05.06"]
[SourceVersion "1"]
[SourceVersionDate "2021.05.15"]
[SourceQuality "1"]

1. e4 g6 2. Nf3 Bg7 3. Nc3 c5 4. Bc4 Nc6 5. a3 e6 6. d3 Nge7 7. O-O d5 8. Ba2
d4 9. Ne2 e5 10. Ng5 O-O 11. f4 h6 12. Nf3 Be6 13. fxe5 Bxa2 14. Rxa2 Qc7 15.
Bf4 g5 16. Bg3 Nxe5 17. h4 g4 18. Nxe5 Bxe5 19. Nf4 Kh7 20. Qe2 Rg8 21. Raa1
Rae8 22. Rf2 Nf5 23. exf5 Bxf4 24. Bxf4 Qxf4 25. Rxf4 Rxe2 26. Rc1 h5 27. f6
Kg6 28. Rcf1 Rge8 29. Rf5 R8e5 30. R5f2 Rxf2 31. Rxf2 Re1+ 32. Kh2 Re6 33. b4
cxb4 34. axb4 Rxf6 35. Re2 Re6 36. Rf2 f5 37. Rf4 Rd6 38. Kg3 Kf6 39. Rf1 Rb6
40. Ra1 a6 41. Ra4 Ke5 42. Kf2 f4 43. Ke2 g3 44. Kf3 Rb5 45. Ra1 Kf5 46. Re1
Re5 47. Re4 Rxe4 48. dxe4+ Ke5 0-1

[Event "Madrid-ch 2020-2021 - Semifinal"]
[Site "Madrid ESP"]
[Date "2021.05.10"]
[Round "6.11"]
[White "Vukotic Jovsic, Dragan"]
[Black "Demerson Joly, Javier"]
[Result "1-0"]
[WhiteElo "1859"]
[BlackElo "1959"]
[PlyCount "69"]
[EventDate "2021.05.05"]
[EventType "swiss"]
[EventRounds "9"]
[EventCountry "ESP"]
[SourceTitle "Ajedrez en Madrid"]
[Source "lmi"]
[SourceDate "2021.05.06"]
[SourceVersion "1"]
[SourceVersionDate "2021.05.15"]
[SourceQuality "1"]

1. d4 d5 2. Nf3 Nf6 3. Bf4 c5 4. e3 Qb6 5. Nc3 Bd7 6. Rb1 e6 7. Be2 Nc6 8. Nb5
Rc8 9. O-O cxd4 10. exd4 a6 11. Nc3 Be7 12. a3 Qa7 13. Na2 O-O 14. c3 Ne4 15.
Ne5 b5 16. f3 Nd6 17. Nb4 Nxe5 18. Bxe5 Nc4 19. Bf4 a5 20. Nd3 g5 21. Bg3 Ne3
22. Qd2 Nxf1 23. Rxf1 f6 24. h4 h6 25. hxg5 hxg5 26. f4 Bd6 27. fxg5 Bxg3 28.
gxf6 Bh2+ 29. Kxh2 Be8 30. Qg5+ Kh8 31. Rf3 Rc7 32. Ne5 Rh7+ 33. Kg1 Bh5 34. f7
Rfxf7 35. Qd8+ 1-0

[Event "Madrid-ch 2020-2021 - Semifinal"]
[Site "Madrid ESP"]
[Date "2021.05.10"]
[Round "6.12"]
[White "Bustos Bernardo, Samuel"]
[Black "Del Castillo Izquierdo, Jose"]
[Result "1-0"]
[WhiteElo "2213"]
[BlackElo "1728"]
[PlyCount "57"]
[EventDate "2021.05.05"]
[EventType "swiss"]
[EventRounds "9"]
[EventCountry "ESP"]
[SourceTitle "Ajedrez en Madrid"]
[Source "lmi"]
[SourceDate "2021.05.06"]
[SourceVersion "1"]
[SourceVersionDate "2021.05.15"]
[SourceQuality "1"]

1. Nf3 d5 2. d4 Nf6 3. c4 e6 4. Nc3 Bb4 5. cxd5 exd5 6. Bg5 h6 7. Bh4 g5 8. Bg3
Ne4 9. Nd2 f5 10. e3 O-O 11. Ndxe4 dxe4 12. Qb3+ Kh7 13. Qxb4 a5 14. Qa3 Nc6
15. Bxc7 Qf6 16. Rc1 Nb4 17. Be5 Qe6 18. Be2 Bd7 19. O-O Bc6 20. Qb3 Qxb3 21.
axb3 f4 22. Rfd1 fxe3 23. fxe3 Rf5 24. g4 Rf7 25. d5 Bd7 26. Nxe4 Kg6 27. Bd6
Re8 28. Bxb4 Rxe4 29. Bd3 1-0

[Event "Madrid-ch 2020-2021 - Semifinal"]
[Site "Madrid ESP"]
[Date "2021.05.10"]
[Round "6.13"]
[White "Perez Gonzalez, Daniel"]
[Black "Pablos Tenrero, Raquel"]
[Result "1-0"]
[WhiteElo "2056"]
[BlackElo "2049"]
[PlyCount "51"]
[EventDate "2021.05.05"]
[EventType "swiss"]
[EventRounds "9"]
[EventCountry "ESP"]
[SourceTitle "Ajedrez en Madrid"]
[Source "lmi"]
[SourceDate "2021.05.06"]
[SourceVersion "1"]
[SourceVersionDate "2021.05.15"]
[SourceQuality "1"]

1. e4 c5 2. Nc3 Nc6 3. a3 e5 4. Bc4 Nf6 5. d3 Be7 6. Nge2 a6 7. O-O b5 8. Ba2
d6 9. f4 O-O 10. f5 Qb6 11. Kh1 a5 12. Ng3 b4 13. Nd5 Qd8 14. Nh5 Nd4 15. Nxe7+
Qxe7 16. Bg5 Kh8 17. Qe1 Ra6 18. Bc4 Rb6 19. Qh4 d5 20. Bxd5 Nxc2 21. Rf3 h6
22. Bxf6 Rxf6 23. Rc1 Nd4 24. Rh3 Ne2 25. Qg4 g6 26. Nxf6 1-0

[Event "Madrid-ch 2020-2021 - Semifinal"]
[Site "Madrid ESP"]
[Date "2021.05.10"]
[Round "6.14"]
[White "Tapia Sanchez, Jose Manuel"]
[Black "Rodriguez Avila, Alvaro"]
[Result "0-1"]
[WhiteElo "1750"]
[BlackElo "1966"]
[PlyCount "64"]
[EventDate "2021.05.05"]
[EventType "swiss"]
[EventRounds "9"]
[EventCountry "ESP"]
[SourceTitle "Ajedrez en Madrid"]
[Source "lmi"]
[SourceDate "2021.05.06"]
[SourceVersion "1"]
[SourceVersionDate "2021.05.15"]
[SourceQuality "1"]

1. e4 c5 2. Nc3 Nc6 3. g3 Nf6 4. Bg2 e6 5. d3 Be7 6. f4 d5 7. exd5 exd5 8. Nf3
O-O 9. O-O Bg4 10. h3 Bxf3 11. Bxf3 Qd7 12. Bg2 Rfe8 13. Re1 Bf8 14. Bd2 h5 15.
Kh2 Nd4 16. Ne2 Nf5 17. Ng1 Rxe1 18. Qxe1 Re8 19. Qf2 Bd6 20. Re1 Nd4 21. Rxe8+
Qxe8 22. c3 Nf5 23. b4 cxb4 24. Qxa7 h4 25. g4 bxc3 26. gxf5 cxd2 27. Bf3 Bxf4+
28. Kg2 Be3 29. Qa5 Bxg1 30. Qxd2 Be3 31. Qb4 Bg5 32. Qxb7 Qe5 0-1